| 000 | 01734nam a2200421 a 4500 | ||
|---|---|---|---|
| 001 | 81397 | ||
| 003 | BD-RjUL | ||
| 005 | 20230516160250.0 | ||
| 008 | 230516s2019 enka bf 001 0 eng | ||
| 020 |
_a9780452297289 _qpaperback |
||
| 035 | _a(BD-RjUL)81397 | ||
| 040 |
_aUkOxU _beng _erda _cUkOxU _dBD-RjUL |
||
| 041 | _aeng | ||
| 082 |
_223 _a777 _bACF 2019 |
||
| 100 | 1 |
_aAscher, Steven, _eillustrator, _eauthor. _97498 |
|
| 245 | 1 | 4 |
_aThe filmmaker's handbook : _ba comprehensive guide for the digital age / _cSteven Ascher with Edward Pincus ; completely revised and updated by Steven Ascher with contributions by David Leitner. |
| 250 | _aFifth edition. | ||
| 264 | 1 |
_aLondon : _bPlume, _c2019 |
|
| 264 | 4 | _c©2019 | |
| 300 |
_axii, 882 pages : _billustrations (black and white) ; _c23 cm |
||
| 336 |
_astill image _2rdacontent |
||
| 336 |
_atext _2rdacontent |
||
| 337 |
_aunmediated _2rdamedia |
||
| 338 |
_avolume _2rdacarrier |
||
| 500 | _aISBN has been used for previous editions including the fourth at system number 020435754. | ||
| 500 | _aPrevious edition: 2012. | ||
| 504 | _aIncludes bibliographical references (pages 848-856) and index. | ||
| 650 | 0 |
_aDigital cinematography _vHandbooks, manuals, etc. _97499 |
|
| 650 | 0 |
_aDigital video _vHandbooks, manuals, etc. _97500 |
|
| 650 | 0 |
_aMotion pictures _xProduction and direction _vHandbooks, manuals, etc. _97501 |
|
| 650 | 0 |
_aCinematography _vHandbooks, manuals, etc. _97502 |
|
| 700 | 1 |
_aPincus, Edward, _eauthor. _97503 |
|
| 700 | 1 |
_aKeller, Carol, _eillustrator. _97504 |
|
| 700 | 1 |
_aBrun, Robert, _eillustrator. _97505 |
|
| 700 | 1 |
_aSpagna, Ted, _d-1989, _eillustrator. _97506 |
|
| 700 | 1 |
_aLeitner, David, _ewriter of added text. _97507 |
|
| 942 |
_2ddc _cBK |
||
| 999 |
_c81397 _d81397 |
||